| 000 | 00854cam a2200277 4500 | ||
|---|---|---|---|
| 001 | ABS66505 | ||
| 008 | 030403n2003 000 0 eng u | ||
| 035 | _a(Sirsi) u121880 | ||
| 245 | _aRegional survey: West End | ||
| 260 | _c2003 | ||
| 490 |
_aProperty Week _v68(7) 21 February 2003, 37-62(8) |
||
| 490 |
_aEstates Gazette _v(0310) 8 March 2003, 69-105(13) |
||
| 590 | _aABS | ||
| 650 | _aWEST END OF LONDON | ||
| 650 | _aLEISURE MARKET | ||
| 650 | _aPROPERTY-COMMERCIAL PROPERTY-RETAIL PROPERTY-RETAIL PROPERTY MARKET | ||
| 650 | _aPROPERTY-COMMERCIAL PROPERTY-OFFICE PROPERTY-OFFICE PROPERTY MARKET | ||
| 650 | _aLICENSING LAW | ||
| 650 | _aVICTORIA | ||
| 650 | _aMAYFAIR | ||
| 650 | _aST JAMES'S | ||
| 650 | _aSOHO | ||
| 650 | _aOXFORD STREET | ||
| 690 | _aPROPERTY-COMMERCIAL PROPERTY-COMMERCIAL PROPERTY MARKET | ||
| 942 | _n0 | ||
| 999 |
_c72435 _d72435 |
||